Loading...
Theory Buiding for Hypothesis Specification in Organizational Studies
| Main Author: | |
|---|---|
| Format: | Printed Book |
| Published: |
New Delhi
Response Books
2009
|
| Edition: | 1st |
| Subjects: |
| LEADER | 00550nam a22001697a 4500 | ||
|---|---|---|---|
| 003 | OSt | ||
| 020 | |a 9788132102441 | ||
| 082 | |a 302.3 |b BAD/TH | ||
| 100 | |a Badrinarayan Shankar Pawar | ||
| 245 | |a Theory Buiding for Hypothesis Specification in Organizational Studies | ||
| 250 | |a 1st | ||
| 260 | |a New Delhi |b Response Books |c 2009 | ||
| 300 | |a 133 | ||
| 650 | |a Units of Theory | ||
| 942 | |2 ddc |c BK | ||
| 999 | |c 188857 |d 188857 | ||
| 952 | |0 0 |1 0 |2 ddc |4 0 |6 302_300000000000000_BAD_TH |7 0 |9 195003 |a KAUCBV |b KAUCBV |d 2015-03-18 |g 0.00 |o 302.3 BAD/TH |r 2015-03-18 |w 2015-03-18 |y BK | ||